[Event "Bad. Jug-EM 2018 U14"]
[Site "Karlsruhe-Durlach"]
[Date "2018.01.03"]
[Round "2.1"]
[White "Dobrikov, Marco"]
[Black "Hardt, Anton"]
[Result "1-0"]
[WhiteElo "2042"]
[BlackElo "1723"]
[PlyCount "63"]
[EventDate "2018.??.??"]
[WhiteTeam "SV Hockenheim"]
[BlackTeam "SK Mannheim-Lindenhof"]

1. e4 d6 2. d4 Nf6 3. Nc3 g6 4. Be3 a6 5. f3 Nbd7 6. Qd2 b5 7. O-O-O Bb7 8. h4
c5 9. g4 b4 10. Nce2 Qa5 11. Kb1 Nxe4 12. fxe4 Bxe4 13. Rh2 c4 14. Bg2 c3 15.
bxc3 Rb8 16. Ka1 Nf6 17. Bxe4 Nxe4 18. cxb4 Rxb4 19. Qe1 Qa3 20. Bc1 Qa4 21.
Nc3 Nxc3 22. Qxc3 Kd7 23. Qd3 Bg7 24. c3 Rb5 25. Rb2 Rhb8 26. Rxb5 Rxb5 27. Rd2
e5 28. Nf3 exd4 29. Nxd4 Rd5 30. Qf3 Bxd4 31. Qxf7+ Kc6 32. Qe8+ 1-0

[Event "Bad. Jug-EM 2018 U14"]
[Site "Karlsruhe-Durlach"]
[Date "2018.01.03"]
[Round "2.2"]
[White "Kokowski, Kevin"]
[Black "Wu, Leon"]
[Result "0-1"]
[WhiteElo "1525"]
[BlackElo "1984"]
[PlyCount "124"]
[EventDate "2018.??.??"]
[WhiteTeam "SV Walldorf"]
[BlackTeam "SK Mannheim-Lindenhof"]

1. e4 c5 2. Nf3 d6 3. d4 cxd4 4. Nxd4 Nf6 5. Nc3 a6 6. Bg5 e6 7. Bd3 Be7 8. f4
Qc7 9. Qe2 Nbd7 10. Nf3 e5 11. O-O-O b5 12. Rhe1 Bb7 13. a3 O-O 14. Nd5 Nxd5
15. exd5 f6 16. Bh4 Nc5 17. Bf5 Bc8 18. Bd3 Re8 19. Nxe5 Nxd3+ 20. Nxd3 a5 21.
Kb1 b4 22. a4 Qb7 23. Nc1 Bf5 24. g4 Bg6 25. Qe6+ Kh8 26. Qe3 Rac8 27. Qb3 Rc5
28. Nd3 Rxd5 29. c4 Rd4 30. Bg3 Qf3 31. f5 Bf7 32. Nc1 Qxg4 33. Rxd4 Qxd4 34.
Qe3 Qxc4 35. Bxd6 Bxd6 36. Qxe8+ Bxe8 37. Rxe8+ Qg8 38. Rxg8+ Kxg8 39. h3 g6
40. Nb3 Bc7 41. Nc5 gxf5 42. Kc2 Kf7 43. Kd3 Ke7 44. Ke3 Bb6 45. Kf4 Bxc5 46.
b3 Bd4 47. Kxf5 Kd6 48. Ke4 Be5 49. h4 Ke6 50. h5 f5+ 51. Kf3 f4 52. Ke4 h6 53.
Kd3 Kf5 54. Kc4 f3 55. Kb5 Bc7 56. Kc6 Bd8 57. Kd7 Bf6 58. Ke8 f2 59. Kf7 f1=Q
60. Kg8 Qg2+ 61. Kf8 Qg7+ 62. Ke8 Qe7# 0-1

[Event "Bad. Jug-EM 2018 U14"]
[Site "Karlsruhe-Durlach"]
[Date "2018.01.03"]
[Round "2.3"]
[White "Wu, Luka"]
[Black "Straub, Benno"]
[Result "1-0"]
[WhiteElo "1953"]
[BlackElo "1492"]
[PlyCount "47"]
[EventDate "2018.??.??"]
[WhiteTeam "SK Mannheim-Lindenhof"]
[BlackTeam "FSF 1887 Zähringen"]

1. e4 e5 2. Nf3 Nc6 3. Bb5 a6 4. Ba4 Bc5 5. O-O d6 6. h3 Nf6 7. Re1 O-O 8. c3
b5 9. Bc2 Bb7 10. a3 Bb6 11. d4 exd4 12. cxd4 Re8 13. Bg5 h6 14. Bh4 g5 15. Bg3
d5 16. e5 Ne4 17. Nc3 Nxg3 18. fxg3 b4 19. Na4 Ba7 20. Qd3 Kf8 21. Kh2 Ke7 22.
Rad1 Rh8 23. Qf5 Bc8 24. Qf6+ 1-0

[Event "Bad. Jug-EM 2018 U14"]
[Site "Karlsruhe-Durlach"]
[Date "2018.01.03"]
[Round "2.4"]
[White "Wunsch, Louis"]
[Black "Koll, Linus"]
[Result "0-1"]
[WhiteElo "1007"]
[BlackElo "1856"]
[PlyCount "100"]
[EventDate "2018.??.??"]
[WhiteTeam "SG Kuppenheim"]
[BlackTeam "Karlsruher SF"]

1. e4 c5 2. Nf3 Nc6 3. Bc4 g6 4. Nc3 Bg7 5. O-O d6 6. h3 Nf6 7. d4 cxd4 8. Nxd4
Bd7 9. Nxc6 Bxc6 10. Qf3 O-O 11. Rd1 Rc8 12. Bd5 Nxd5 13. exd5 Bd7 14. Rd3 Bf5
15. Re3 Bxc2 16. Ne4 Bxe4 17. Qxe4 Re8 18. Qg4 Rc7 19. Qg5 Qc8 20. Rg3 Rc2 21.
Rb1 Be5 22. Bf4 Bd4 23. Rf3 Bxf2+ 24. Kh2 Bd4 25. b3 Rxa2 26. h4 Bf6 27. Qg3
Bg7 28. h5 Qf5 29. Bg5 Qxb1 30. hxg6 Qxg6 31. Qh4 h6 32. Rg3 hxg5 33. Rxg5 Qh7
34. Rh5 Be5+ 35. Kh3 Qd3+ 36. g3 Qxg3+ 37. Qxg3+ Bxg3 38. Kxg3 Ra3 39. Kg4 Rxb3
40. Rg5+ Kf8 41. Rh5 e5 42. Kf5 Ke7 43. Rh4 b5 44. Rh1 Rg8 45. Rc1 Rf3+ 46. Ke4
Rf4+ 47. Ke3 a5 48. Rc7+ Kf6 49. Rd7 Rd4 50. Rxd6+ Ke7 0-1

[Event "Bad. Jug-EM 2018 U14"]
[Site "Karlsruhe-Durlach"]
[Date "2018.01.03"]
[Round "2.5"]
[White "Do, Nam"]
[Black "Yurten, Rafael"]
[Result "1-0"]
[WhiteElo "1823"]
[BlackElo "1480"]
[PlyCount "71"]
[EventDate "2018.??.??"]
[WhiteTeam "SK Sandhausen"]
[BlackTeam "SF Forst"]

1. e4 e5 2. Nf3 Nc6 3. Bc4 Bc5 4. c3 Nf6 5. d3 O-O 6. O-O d5 7. exd5 Nxd5 8.
Nbd2 Nf4 9. Ne4 Bd6 10. Bxf4 exf4 11. h3 Ne5 12. Nxd6 Qxd6 13. Nxe5 Qxe5 14.
Re1 Qg5 15. Qf3 Bd7 16. d4 Rfe8 17. Bd5 c6 18. Bb3 a5 19. Kh2 a4 20. Bc2 Be6
21. Re5 Qd8 22. Rae1 Ra5 23. Bxh7+ Kf8 24. a3 Rxe5 25. Rxe5 Qd6 26. Be4 f6 27.
Rh5 Kf7 28. Rh7 f5 29. Qh5+ Ke7 30. Rxg7+ Kd8 31. Bxf5 Bxf5 32. Qxf5 f3+ 33. g3
Re2 34. Qa5+ Ke8 35. Qa8+ Qd8 36. Rg8+ 1-0

[Event "Bad. Jug-EM 2018 U14"]
[Site "Karlsruhe-Durlach"]
[Date "2018.01.03"]
[Round "2.6"]
[White "Wehrle, Maximilian"]
[Black "Lauterbach, Kolja"]
[Result "1/2-1/2"]
[WhiteElo "1212"]
[BlackElo "1517"]
[PlyCount "92"]
[EventDate "2018.??.??"]
[WhiteTeam "SC Brombach"]
[BlackTeam "FSF 1887 Zähringen"]

1. e4 e5 2. Nf3 Nc6 3. Nc3 Nf6 4. d4 exd4 5. Nxd4 Bb4 6. Nxc6 bxc6 7. Bd3 d5 8.
exd5 cxd5 9. O-O O-O 10. Bg5 Bb7 11. a3 Ba5 12. b4 Bb6 13. Qd2 Qd6 14. Rae1
Rfe8 15. Bf4 Qd7 16. Bb5 c6 17. Bd3 Bc7 18. Bxc7 Qxc7 19. h3 a5 20. Ne2 Ne4 21.
Bxe4 dxe4 22. Ng3 Ba6 23. Ne2 Bb5 24. Rc1 axb4 25. axb4 Rad8 26. Qe3 Bxe2 27.
Qxe2 Qb6 28. c3 e3 29. fxe3 Qxe3+ 30. Qxe3 Rxe3 31. Rfd1 Rxd1+ 32. Rxd1 f6 33.
Rc1 Kf7 34. Kf2 Re5 35. Kf3 Ke6 36. c4 Kd6 37. Rd1+ Ke6 38. Rd2 Re1 39. c5 Rb1
40. Rd6+ Ke7 41. Rxc6 Rxb4 42. Rc7+ Kf8 43. c6 Rc4 44. Rc8+ Kf7 45. Rc7+ Kg6
46. Rc8 Kf7 1/2-1/2

[Event "Bad. Jug-EM 2018 U14"]
[Site "Karlsruhe-Durlach"]
[Date "2018.01.03"]
[Round "2.7"]
[White "Lohrmann, Linus"]
[Black "Spillner, Ladis"]
[Result "0-1"]
[WhiteElo "1151"]
[BlackElo "1413"]
[PlyCount "116"]
[EventDate "2018.??.??"]
[WhiteTeam "SC Waldkirch"]
[BlackTeam "FSF 1887 Zähringen"]

1. e4 c6 2. c4 g6 3. Nc3 Bg7 4. d4 d6 5. Nf3 Bg4 6. Be2 Nd7 7. h3 Bxf3 8. Bxf3
c5 9. dxc5 Nxc5 10. Be3 Bxc3+ 11. bxc3 e5 12. Bxc5 dxc5 13. O-O Ne7 14. Qa4+
Qd7 15. Qxd7+ Kxd7 16. Rfd1+ Kc7 17. Rd2 Rad8 18. Rad1 Rxd2 19. Rxd2 Rd8 20.
Rb2 Nc6 21. Be2 Rd6 22. a4 Nb8 23. Bg4 h5 24. Bf3 Rb6 25. Rd2 Rb1+ 26. Kh2 Rc1
27. Rd3 Rc2 28. Kg3 f6 29. Bd1 Ra2 30. h4 Nd7 31. f4 exf4+ 32. Kf3 Ne5+ 33.
Kxf4 Nxd3+ 34. Ke3 Ne5 35. g3 Nxc4+ 36. Kf3 Ra3 37. Kf2 Rxc3 38. g4 hxg4 39.
Bxg4 Rc2+ 40. Ke1 Ne3 41. Bf3 Kd6 42. Be2 Ke5 43. Bd3 c4 44. Bxc2 Nxc2+ 45. Kd2
Kxe4 46. Kxc2 f5 47. h5 gxh5 48. a5 f4 49. a6 bxa6 50. Kd2 f3 51. Kc3 f2 52.
Kxc4 f1=Q+ 53. Kc3 Qd3+ 54. Kb2 h4 55. Ka2 h3 56. Kb2 h2 57. Ka2 h1=Q 58. Kb2
Qhb1# 0-1

[Event "Bad. Jug-EM 2018 U14"]
[Site "Karlsruhe-Durlach"]
[Date "2018.01.03"]
[Round "2.8"]
[White "Schmitt, Daniel"]
[Black "Ruf, David"]
[Result "1-0"]
[WhiteElo "1371"]
[BlackElo "1143"]
[PlyCount "39"]
[EventDate "2018.??.??"]
[WhiteTeam "SK Ottenau"]
[BlackTeam "SC Ersingen"]

1. e4 c5 2. Nf3 Nc6 3. d4 cxd4 4. Nxd4 Nf6 5. Nc3 e6 6. Be3 Be7 7. Be2 O-O 8.
Qd2 Ne5 9. f3 b6 10. O-O-O Bb7 11. g4 h6 12. h4 Nh7 13. f4 Nc6 14. g5 hxg5 15.
hxg5 e5 16. Nxc6 Bxc6 17. Bc4 exf4 18. Qh2 Bxe4 19. Nxe4 Nxg5 20. Qh8# 1-0

[Event "Bad. Jug-EM 2018 U14W"]
[Site "Karlsruhe-Durlach"]
[Date "2018.01.03"]
[Round "2.1"]
[White "Basovskiy, Jana"]
[Black "Varbanova, Joanna"]
[Result "1-0"]
[WhiteElo "1775"]
[BlackElo "1171"]
[PlyCount "53"]
[EventDate "2018.??.??"]
[WhiteTeam "SK Mannheim"]
[BlackTeam "SK Ettlingen"]

1. e4 e5 2. Nf3 Nc6 3. Bc4 Bc5 4. c3 Nf6 5. d3 d6 6. Nbd2 Bg4 7. O-O O-O 8. h3
Bh5 9. Re1 d5 10. Bb3 d4 11. Nf1 h6 12. Ng3 Bg6 13. Nh4 Bh7 14. Nhf5 Bg6 15.
Qf3 Kh7 16. h4 Kh8 17. Bd2 Ne7 18. Nxh6 Nh7 19. Ng4 f6 20. h5 Bf7 21. Bxf7 Rxf7
22. Nxe5 Rf8 23. Ng6+ Nxg6 24. hxg6 Qe8 25. gxh7 Qg6 26. Qf5 Qf7 27. Qxc5 1-0

[Event "Bad. Jug-EM 2018 U14W"]
[Site "Karlsruhe-Durlach"]
[Date "2018.01.03"]
[Round "2.3"]
[White "Wagner, Anna"]
[Black "Visvikis, Kassandra"]
[Result "1/2-1/2"]
[WhiteElo "1173"]
[BlackElo "1510"]
[PlyCount "93"]
[EventDate "2018.??.??"]
[WhiteTeam "SK Endingen"]
[BlackTeam "OSG Baden-Baden"]

1. e4 e5 2. Nf3 Nc6 3. Bc4 Bc5 4. c3 Nf6 5. d4 exd4 6. cxd4 Bb4+ 7. Nc3 Nxe4 8.
O-O Bxc3 9. bxc3 d5 10. Bd3 O-O 11. Bxe4 dxe4 12. Ne5 Ne7 13. Re1 f6 14. Ng4
Bxg4 15. Qxg4 f5 16. Qg3 Ng6 17. Bg5 Qd6 18. Qxd6 cxd6 19. g3 f4 20. Rxe4 d5
21. Rae1 Rac8 22. Rc1 Rc6 23. Be7 Nxe7 24. Rxe7 fxg3 25. hxg3 Ra6 26. Rc2 b6
27. Rd7 Rf5 28. Kg2 Ra5 29. f4 Rf7 30. Rxf7 Kxf7 31. Kf3 Ra3 32. Kg4 Kg6 33.
f5+ Kf6 34. Kf4 h6 35. g4 b5 36. Rb2 Rxc3 37. Rxb5 Ra3 38. Rxd5 Rxa2 39. Rd8 a5
40. d5 a4 41. d6 a3 42. Ra8 Rd2 43. Rxa3 Rxd6 44. Ra4 g6 45. fxg6 Kxg6 46. Ra5
Rb6 47. Kg3 1/2-1/2

[Event "Bad. Jug-EM 2018 U14W"]
[Site "Karlsruhe-Durlach"]
[Date "2018.01.03"]
[Round "2.4"]
[White "Henninger, Claire"]
[Black "Schneider, Katharina"]
[Result "0-1"]
[WhiteElo "1142"]
[BlackElo "1650"]
[PlyCount "152"]
[EventDate "2018.??.??"]
[WhiteTeam "SK Endingen"]
[BlackTeam "SF Sasbach"]

1. e4 e5 2. Nf3 Nc6 3. Bc4 Bc5 4. O-O Nf6 5. d3 d6 6. Bg5 h6 7. Bh4 g5 8. Bg3
Bg4 9. h3 Bh5 10. Nbd2 Nd4 11. c3 Nxf3+ 12. Nxf3 Bb6 13. Qa4+ c6 14. Nd2 Bc7
15. Qc2 b5 16. Bb3 Rg8 17. c4 b4 18. c5 dxc5 19. Qxc5 Qd6 20. Qxd6 Bxd6 21.
Rfe1 Ke7 22. Nc4 Nd7 23. d4 Rg6 24. Nxd6 Rxd6 25. dxe5 Rd2 26. Rab1 Nc5 27.
Rec1 Nxe4 28. Rxc6 Nxg3 29. fxg3 Bg6 30. Ra1 Rxb2 31. Rc7+ Kd8 32. Rb7 Be4 33.
Rxf7 Rxg2+ 34. Kf1 Rxg3 35. Re1 Rf3+ 36. Rxf3 Bxf3 37. e6 Ke7 38. Rc1 Kd6 39.
Rc4 a5 40. Kf2 Bc6 41. Kg3 a4 42. Bd1 b3 43. axb3 a3 44. Rc1 a2 45. Ra1 Kxe6
46. Kf2 Ra3 47. Ke3 Bd5 48. Bg4+ Kd6 49. Kd2 Bxb3 50. Kc1 Bd5 51. Kb2 Ra4 52.
Bd1 Rb4+ 53. Ka3 Rb1 54. Rxa2 Bxa2 55. Bc2 Rh1 56. Kxa2 Rxh3 57. Kb2 Ke5 58.
Kc1 Kf4 59. Kd2 g4 60. Ke2 Rh2+ 61. Kd1 Rxc2 62. Kxc2 g3 63. Kd2 Kf3 64. Kd3 g2
65. Kd4 g1=Q+ 66. Ke5 Qg4 67. Kf6 Qg5+ 68. Ke6 Ke4 69. Kd6 Qb5 70. Ke7 Qc6 71.
Kf7 Qd6 72. Kg7 Qe6 73. Kh8 Qe7 74. Kg8 Kf5 75. Kh8 Kg6 76. Kg8 Qg7# 0-1

[Event "Bad. Jug-EM 2018 U14W"]
[Site "Karlsruhe-Durlach"]
[Date "2018.01.03"]
[Round "2.5"]
[White "Doll, Rebecca"]
[Black "Chung, Dana"]
[Result "0-1"]
[WhiteElo "1515"]
[BlackElo "1282"]
[PlyCount "62"]
[EventDate "2018.??.??"]
[WhiteTeam "SC Untergrombach"]
[BlackTeam "Karlsruher SF"]

1. e4 c6 2. d4 d5 3. exd5 cxd5 4. Bd3 Nf6 5. h3 Nc6 6. c3 Qc7 7. Ne2 e6 8. O-O
Be7 9. Re1 O-O 10. Nd2 Bd7 11. Nf3 Rfc8 12. Bb1 h6 13. Nf4 Bd6 14. g3 Ne7 15.
Bd2 a6 16. Bd3 b5 17. Rc1 Rab8 18. a3 Qb7 19. Ne5 Be8 20. Qe2 a5 21. a4 Rc7 22.
axb5 a4 23. c4 Bxe5 24. dxe5 dxc4 25. Bxc4 Nfd5 26. Ra1 Bxb5 27. Bxb5 Qxb5 28.
Qxb5 Rxb5 29. Reb1 Rc2 30. Bc1 Nxf4 31. Bxf4 Nd5 0-1

[Event "Bad. Jug-EM 2018 U18w - U16w"]
[Site "Karlsruhe-Durlach"]
[Date "2018.01.03"]
[Round "2.2"]
[White "Grining, Maria"]
[Black "Hartmann, Cora"]
[Result "0-1"]
[WhiteElo "1658"]
[BlackElo "1842"]
[PlyCount "100"]
[EventDate "2018.??.??"]
[WhiteTeam "Karlsruher SF"]
[BlackTeam "SV Walldorf"]

1. Nf3 d5 2. c4 c6 3. b3 Bf5 4. Bb2 e6 5. d3 Nf6 6. g3 Bb4+ 7. Nbd2 O-O 8. Bg2
Nbd7 9. O-O Re8 10. a3 Bd6 11. Re1 e5 12. e4 dxe4 13. Nxe4 Bc7 14. Nxf6+ Qxf6
15. Nh4 Nc5 16. Nxf5 Qxf5 17. Be4 Nxe4 18. dxe4 Qh3 19. Qf3 Re6 20. Qg2 Qh5 21.
Rad1 Rf6 22. g4 Qg6 23. Bc1 h5 24. h3 Bb6 25. Be3 hxg4 26. hxg4 Bxe3 27. Rxe3
Rd6 28. Red3 Rad8 29. Rxd6 Rxd6 30. Rxd6 Qxd6 31. Qg3 Qd4 32. Qf3 Qa1+ 33. Kg2
Qxa3 34. Qf5 Qxb3 35. Qc8+ Kh7 36. Qf5+ g6 37. Qxf7+ Kh6 38. f3 Qb4 39. Kg3 a5
40. Qg8 Qe1+ 41. Kg2 Kg5 42. Qd8+ Kf4 43. Qf8+ Ke3 44. Qc5+ Ke2 45. Qxe5 Qf2+
46. Kh3 Qxf3+ 47. Kh4 Qe3 48. Qxa5 Kf3 49. Qg5 Qf2+ 50. Kh3 Qg3# 0-1

[Event "Bad. Jug-EM 2018 U18w - U16w"]
[Site "Karlsruhe-Durlach"]
[Date "2018.01.03"]
[Round "2.3"]
[White "Wagner, Lena"]
[Black "Lohrmann, Tabea"]
[Result "0-1"]
[WhiteElo "1259"]
[BlackElo "1638"]
[PlyCount "94"]
[EventDate "2018.??.??"]
[WhiteTeam "SK Endingen"]
[BlackTeam "SC Waldkirch"]

1. d4 d5 2. Bf4 Bf5 3. Nf3 e6 4. Nc3 c5 5. e3 Nc6 6. g3 Nf6 7. Bg2 Be7 8. O-O
O-O 9. Qd2 Re8 10. Rfe1 Rc8 11. a3 Na5 12. b3 Nc6 13. Rac1 cxd4 14. exd4 Bxa3
15. Rb1 Bb4 16. Re2 Qa5 17. Re3 Ne4 18. Qe1 Bxc3 19. Qd1 Nb4 20. Ne5 Bxd4 21.
Qxd4 Nxc2 22. Qd1 Nxe3 23. Bxe3 Nc3 24. Ra1 Nxd1 25. Rxa5 Nxe3 26. fxe3 Rc3 27.
b4 Rxe3 28. Nf3 Rb3 29. b5 b6 30. Rxa7 Rxb5 31. Nd4 Rb1+ 32. Kf2 Bd3 33. Ke3
Bc4 34. h4 h6 35. Nf3 f6 36. Bh3 Rb3+ 37. Kf2 e5 38. Bf5 e4 39. Nd4 Rb2+ 40.
Ke3 Ra2 41. Rb7 b5 42. Bg6 Rea8 43. Nf5 R2a7 44. Rb6 Kf8 45. h5 Ra3+ 46. Kd4
Rc8 47. g4 Rd3# 0-1

[Event "Bad. Jug-EM 2018 U18w - U16w"]
[Site "Karlsruhe-Durlach"]
[Date "2018.01.03"]
[Round "2.4"]
[White "Schneider, Xenia"]
[Black "Ganjali, Aska"]
[Result "1-0"]
[WhiteElo "1424"]
[BlackElo "1304"]
[PlyCount "29"]
[EventDate "2018.??.??"]
[WhiteTeam "SK Endingen"]
[BlackTeam "SK Gernsbach"]

1. e4 e5 2. Nf3 Nc6 3. Bc4 Bc5 4. c3 Na5 5. Nxe5 Nxc4 6. Nxc4 Qh4 7. O-O Nf6 8.
d4 Be7 9. e5 Nd5 10. Qf3 c6 11. Re1 Bf8 12. Nd6+ Bxd6 13. exd6+ Kf8 14. Qe2 b5
15. Qe8# 1-0

[Event "Bad. Jug-EM 2018 U18"]
[Site "Karlsruhe-Durlach"]
[Date "2018.01.03"]
[Round "2.1"]
[White "Elms, Robert"]
[Black "Lachenicht, Tim"]
[Result "1-0"]
[WhiteElo "1943"]
[BlackElo "1746"]
[PlyCount "55"]
[EventDate "2018.??.??"]
[WhiteTeam "SC Iffezheim"]
[BlackTeam "SK Gernsbach"]

1. b3 b6 2. Bb2 Bb7 3. Nf3 d6 4. e3 Nf6 5. Bb5+ Nbd7 6. O-O g6 7. a4 a6 8. Be2
Bg7 9. d4 O-O 10. c4 e6 11. Nfd2 c5 12. Bf3 Qc7 13. Nc3 Rfd8 14. Rc1 Qb8 15.
Re1 d5 16. cxd5 Nxd5 17. Nxd5 exd5 18. Qc2 f5 19. dxc5 Nxc5 20. Bxg7 Kxg7 21.
b4 Ne6 22. Qb2+ Kf7 23. Nb3 Qd6 24. Nd4 Rac8 25. Nxe6 Qxe6 26. Qd4 Qf6 27. Rxc8
Qxd4 28. Rc7+ 1-0

[Event "Bad. Jug-EM 2018 U18"]
[Site "Karlsruhe-Durlach"]
[Date "2018.01.03"]
[Round "2.2"]
[White "Schmohel, Andreas"]
[Black "Schrepp, Florian"]
[Result "1-0"]
[WhiteElo "1733"]
[BlackElo "1833"]
[PlyCount "37"]
[EventDate "2018.??.??"]
[WhiteTeam "SC Viernheim"]
[BlackTeam "SC Ketsch"]

1. d4 g6 2. e4 Bg7 3. Nc3 c6 4. Bc4 Nh6 5. Qf3 f6 6. h4 b5 7. Bb3 b4 8. Na4 d6
9. Be3 d5 10. exd5 Bg4 11. Qg3 Bh5 12. dxc6 Nf5 13. c7 Qc8 14. cxb8=Q Rxb8 15.
Qf4 Bh6 16. Qe4 Nd6 17. Qe6 Qc6 18. Bxh6 g5 19. Qd5 1-0

[Event "Bad. Jug-EM 2018 U18"]
[Site "Karlsruhe-Durlach"]
[Date "2018.01.03"]
[Round "2.3"]
[White "Avdagic, Alan"]
[Black "Esslinger, Marcel"]
[Result "1-0"]
[WhiteElo "1496"]
[BlackElo "1684"]
[PlyCount "87"]
[EventDate "2018.??.??"]
[WhiteTeam "DJB Steuben Feudenheim"]
[BlackTeam "SC Hornberg"]

1. e4 c5 2. Nf3 d6 3. d4 cxd4 4. Nxd4 Nf6 5. Nc3 g6 6. Be3 Bg7 7. Be2 O-O 8.
Qd2 a6 9. O-O-O Qc7 10. h4 b5 11. h5 Bb7 12. hxg6 hxg6 13. Bh6 Nxe4 14. Nxe4
Bxe4 15. Bxg7 Kxg7 16. Qh6+ Kf6 17. Qh4+ Kg7 18. Qxe4 Nd7 19. Nf3 Rac8 20. Rd2
Nf6 21. Qd4 Rcd8 22. Qf4 Rh8 23. Rxh8 Rxh8 24. Qd4 e5 25. Qxd6 Rh1+ 26. Bd1
Qxd6 27. Rxd6 Ne4 28. Rd5 Nxf2 29. Nxe5 Kf6 30. Nc6 Ke6 31. Rd2 Rf1 32. c3 f5
33. Kc2 Ne4 34. Re2 Kd6 35. Nd4 g5 36. Nxf5+ Rxf5 37. Rxe4 Rf2+ 38. Re2 Rf5 39.
Rd2+ Kc5 40. Bf3 Rf4 41. Rd5+ Kb6 42. Rxg5 Rc4 43. Rg6+ Kc7 44. Rxa6 1-0

[Event "Bad. Jug-EM 2018 U18"]
[Site "Karlsruhe-Durlach"]
[Date "2018.01.03"]
[Round "2.4"]
[White "Hatzenbühler, Kevin"]
[Black "Wegmer, Leon"]
[Result "1/2-1/2"]
[WhiteElo "1602"]
[BlackElo "1744"]
[PlyCount "92"]
[EventDate "2018.??.??"]
[WhiteTeam "OSG Baden-Baden"]
[BlackTeam "Karlsruher SF"]

1. d4 Nf6 2. Bg5 c6 3. Nd2 d5 4. e3 Nbd7 5. Bd3 e5 6. c4 Be7 7. Ne2 h6 8. Bh4
exd4 9. Nxd4 Ne5 10. Be2 c5 11. N4f3 Nc6 12. cxd5 Nxd5 13. Bxe7 Qxe7 14. O-O
O-O 15. Qa4 Rd8 16. Rfd1 Bf5 17. Qh4 Qxh4 18. Nxh4 Bc2 19. Rdc1 Ndb4 20. Nhf3
Bd3 21. Bd1 b6 22. a3 Na6 23. Nc4 Bxc4 24. Rxc4 Rd6 25. Kf1 Rad8 26. Bc2 Nc7
27. Ke2 Kf8 28. Rd1 Rxd1 29. Bxd1 Ne6 30. Rc3 Re8 31. Ba4 Rc8 32. b4 Ne7 33.
Ne5 Nd5 34. Rc1 Rc7 35. bxc5 Nxc5 36. Nd7+ Nxd7 37. Rxc7 Nxc7 38. Bxd7 Ke7 39.
Ba4 Kd6 40. Bb3 f6 41. Kd3 Na6 42. Kc4 Nc5 43. Bc2 a6 44. f3 Nd7 45. Be4 Ne5+
46. Kb4 Nd7 1/2-1/2

[Event "Bad. Jug-EM 2018 U18"]
[Site "Karlsruhe-Durlach"]
[Date "2018.01.03"]
[Round "2.5"]
[White "Bachmann, Jonas"]
[Black "Acar, Lukas"]
[Result "0-1"]
[WhiteElo "1607"]
[BlackElo "1017"]
[PlyCount "44"]
[EventDate "2018.??.??"]
[WhiteTeam "SC Neumühl"]
[BlackTeam "SF Birkenfeld"]

1. e4 c6 2. d4 d5 3. e5 Bf5 4. Nf3 e6 5. Bd3 Ne7 6. Bg5 Qb6 7. b3 c5 8. Bxe7
Bxe7 9. Bxf5 exf5 10. c3 Nc6 11. O-O O-O 12. Re1 cxd4 13. cxd4 Bb4 14. Re3 Rac8
15. a3 Qa5 16. Qd3 Nxd4 17. h3 Rc1+ 18. Kh2 Nxf3+ 19. Rxf3 g6 20. Rg3 Bc5 21.
Qd2 Qxd2 22. Nxd2 Rxa1 0-1

[Event "Bad. Jug-EM 2018 U16"]
[Site "Karlsruhe-Durlach"]
[Date "2018.01.03"]
[Round "2.1"]
[White "Färber, David"]
[Black "Fidlin, Simon"]
[Result "0-1"]
[WhiteElo "2155"]
[BlackElo "1841"]
[PlyCount "97"]
[EventDate "2018.??.??"]
[WhiteTeam "SV Walldorf"]
[BlackTeam "Karlsruher SF"]

1. e4 e6 2. d4 d5 3. Nc3 Nf6 4. e5 Nfd7 5. f4 c5 6. Nf3 Nc6 7. Be3 cxd4 8. Nxd4
Bc5 9. Qd2 O-O 10. O-O-O a6 11. Qf2 Qc7 12. Bd3 Nxd4 13. Bxd4 Bxd4 14. Qxd4 Qc5
15. Ne2 f6 16. exf6 gxf6 17. c3 b5 18. Rhe1 Re8 19. Bc2 Qxd4 20. Nxd4 Nb6 21.
Rd3 Ra7 22. Rde3 Nc4 23. R3e2 Rae7 24. a4 Nd6 25. Bd3 Kf8 26. axb5 axb5 27. Nf3
Ba6 28. Nd4 Bc8 29. Bc2 Bd7 30. Nf3 Rb8 31. Bb3 Rbe8 32. h3 Ne4 33. g4 Rc8 34.
Kb1 h6 35. Bc2 Nc5 36. Nd4 Kf7 37. Nf3 Kf8 38. h4 e5 39. fxe5 Bxg4 40. Rf2 f5
41. Nd4 Ne4 42. Bxe4 Rxe5 43. Nxf5 dxe4 44. Nxh6+ Bf3 45. Rxf3+ exf3 46. Rxe5
Kg7 47. Ng4 Rc4 48. Nf2 Rxh4 49. Rf5 0-1

[Event "Bad. Jug-EM 2018 U16"]
[Site "Karlsruhe-Durlach"]
[Date "2018.01.03"]
[Round "2.2"]
[White "Doll, Alexander"]
[Black "Schmider, Niklas"]
[Result "0-1"]
[WhiteElo "1845"]
[BlackElo "2128"]
[PlyCount "114"]
[EventDate "2018.??.??"]
[WhiteTeam "SC Untergrombach"]
[BlackTeam "SK Lahr"]

1. e4 c5 2. c3 Nf6 3. e5 Nd5 4. Bc4 Nb6 5. Bb3 d5 6. exd6 e6 7. Nf3 Bxd6 8. d4
cxd4 9. Nxd4 O-O 10. O-O Nc6 11. Nb5 Bb8 12. Qxd8 Rxd8 13. c4 Bd7 14. Be3 Na5
15. N5a3 Be5 16. Nc3 Bc6 17. Rfd1 Kf8 18. Bxb6 axb6 19. Nc2 Bxc3 20. bxc3 Nxb3
21. axb3 Rxa1 22. Rxa1 Rd3 23. Nd4 Rxc3 24. Kf1 Ke7 25. Ke2 Bxg2 26. Rg1 Be4
27. f3 Bg6 28. Rxg6 hxg6 29. Kd2 e5 30. Kxc3 exd4+ 31. Kxd4 Kd6 32. h4 Kc6 33.
b4 Kd6 34. Ke4 Ke6 35. c5 bxc5 36. bxc5 Kd7 37. Kd5 Kc7 38. Kd4 Kc6 39. Kc4 b5+
40. cxb6 Kxb6 41. Kd5 Kc7 42. Kc5 Kd7 43. Kd5 Ke7 44. Ke5 f6+ 45. Kd5 Kd7 46.
Kd4 Ke6 47. Ke4 g5 48. hxg5 fxg5 49. f4 gxf4 50. Kxf4 Kf6 51. Kg4 Kg6 52. Kh4
Kf5 53. Kh3 Kf4 54. Kh4 g5+ 55. Kh3 Kf3 56. Kh2 g4 57. Kg1 Kg3 0-1

[Event "Bad. Jug-EM 2018 U16"]
[Site "Karlsruhe-Durlach"]
[Date "2018.01.03"]
[Round "2.3"]
[White "Chernykh, Arkady"]
[Black "Naß, Maximilian"]
[Result "1-0"]
[WhiteElo "2039"]
[BlackElo "1675"]
[PlyCount "103"]
[EventDate "2018.??.??"]
[WhiteTeam "Karlsruher SF"]
[BlackTeam "SC Ersingen"]

1. d4 Nf6 2. c4 e6 3. Nc3 Bb4 4. f3 c5 5. a3 Bxc3+ 6. bxc3 O-O 7. e3 d6 8. Bd3
Nc6 9. Ne2 e5 10. O-O Re8 11. Qc2 a6 12. Rd1 Qb6 13. Rb1 Qa7 14. Kh1 cxd4 15.
cxd4 exd4 16. exd4 Nxd4 17. Nxd4 Qxd4 18. Bb2 Qh4 19. Bxf6 Qxf6 20. Bxh7+ Kh8
21. Be4 Rb8 22. Rb6 Be6 23. Rbxd6 g6 24. Qd2 Kg7 25. Bd5 Qe5 26. Bxe6 Rxe6 27.
Rxe6 Qxe6 28. Qd4+ Kg8 29. h3 Rc8 30. Qc3 b5 31. c5 Qc4 32. Qe5 Kh7 33. Qf6 Kg8
34. c6 a5 35. Rd7 Qe6 36. Rd8+ Rxd8 37. Qxd8+ Kg7 38. Qd4+ Kh7 39. c7 Qc6 40.
Qd8 Qc1+ 41. Kh2 Qf4+ 42. Kg1 Qc1+ 43. Kf2 Qb2+ 44. Kg3 Qe5+ 45. f4 Qe3+ 46.
Kg4 Qe6+ 47. Kh4 Qe1+ 48. g3 Qe2 49. g4 Qe1+ 50. Kg5 Qb1 51. c8=Q f6+ 52. Qxf6
1-0

[Event "Bad. Jug-EM 2018 U16"]
[Site "Karlsruhe-Durlach"]
[Date "2018.01.03"]
[Round "2.4"]
[White "Meier, Marlon"]
[Black "Koll, Lukas"]
[Result "1/2-1/2"]
[WhiteElo "1796"]
[BlackElo "1883"]
[PlyCount "99"]
[EventDate "2018.??.??"]
[WhiteTeam "SK Gernsbach"]
[BlackTeam "Karlsruher SF"]

1. b4 d5 2. Bb2 Nf6 3. e3 Bf5 4. Nf3 e6 5. b5 c5 6. c4 Nbd7 7. d3 Qc7 8. Nbd2
Bd6 9. Be2 Ne5 10. Nxe5 Bxe5 11. d4 cxd4 12. exd4 Bf4 13. g3 Bxd2+ 14. Qxd2 O-O
15. c5 Ne4 16. Qb4 Bh3 17. f3 Ng5 18. Qc3 Bf5 19. Bc1 f6 20. Bf4 e5 21. dxe5
Ne6 22. Rd1 d4 23. Rxd4 Nxd4 24. Qxd4 Rad8 25. Qc4+ Qf7 26. exf6 Be6 27. Qc1
gxf6 28. O-O Bxa2 29. Bd6 Rfe8 30. Bd3 b6 31. Be4 Bd5 32. Qf4 bxc5 33. Bxc5 Bc4
34. Rb1 Re5 35. Ba3 Rxb5 36. Re1 Be6 37. g4 Rb6 38. Bc1 Bd5 39. Bxd5 Rxd5 40.
Be3 Rb7 41. Rc1 Rbd7 42. Rc6 Rd1+ 43. Kg2 Qe7 44. Rxf6 R1d6 45. Rf5 Rd8 46. Bc5
Qe2+ 47. Kg3 Qe1+ 48. Kh3 Qf1+ 49. Kh4 Qe1+ 50. Qg3 1/2-1/2

[Event "Bad. Jug-EM 2018 U16"]
[Site "Karlsruhe-Durlach"]
[Date "2018.01.03"]
[Round "2.5"]
[White "Metzinger, Hannes"]
[Black "Preuß, Julian"]
[Result "0-1"]
[WhiteElo "1574"]
[BlackElo "1236"]
[PlyCount "38"]
[EventDate "2018.??.??"]
[WhiteTeam "SK Ottenau"]
[BlackTeam "SC Villingen-Schwenningen"]

1. e4 e5 2. Nf3 Nf6 3. Nxe5 d6 4. Nf3 Nxe4 5. Nc3 Nxc3 6. dxc3 Nc6 7. Be3 Be7
8. Qd2 Bf5 9. O-O-O O-O 10. h3 Ne5 11. Nd4 Bg6 12. f4 Nc6 13. f5 Nxd4 14. fxg6
Nf5 15. gxh7+ Kh8 16. Bf2 Bg5 17. Bd3 Bxd2+ 18. Rxd2 Ne7 19. g4 f5 0-1